[Event "Krakow op 9th"]
[Site "Krakow"]
[Date "2013.??.??"]
[Round "3.10"]
[White "Cebula, Alicja"]
[Black "Latka, Tadeusz"]
[Result "1-0"]
[WhiteElo "1595"]
[BlackElo "1610"]
[PlyCount "37"]
[EventDate "2013.??.??"]
[EventType "swiss"]
[EventRounds "5"]
[EventCountry "POL"]
[SourceTitle "EXT 2023"]
[Source "ChessBase"]
[SourceDate "2022.10.05"]
[SourceVersion "1"]
[SourceVersionDate "2022.10.05"]
[SourceQuality "1"]

1. e4 c6 2. d4 d5 3. e5 Bf5 4. Bd3 Bxd3 5. Qxd3 e6 6. Ne2 Nd7 7. Nd2 Qc7 8. 0-0 c5 9. c3 Ne7 10. f4 Nf5 11. a3 a5 12. Kh1 Be7 13. Rb1 c4 14. Qh3 b5 15. g4 Nh6 16. f5 Bg5 17. fxe6 fxe6 18. Qh5+ g6 19. Qxg5 1-0

[Event "Krakow op 9th"]
[Site "Krakow"]
[Date "2013.??.??"]
[Round "4.12"]
[White "Latka, Tadeusz"]
[Black "Golenia, Jan"]
[Result "1-0"]
[WhiteElo "1610"]
[BlackElo "1569"]
[PlyCount "69"]
[EventDate "2013.??.??"]
[EventType "swiss"]
[EventRounds "5"]
[EventCountry "POL"]
[SourceTitle "EXT 2023"]
[Source "ChessBase"]
[SourceDate "2022.10.05"]
[SourceVersion "1"]
[SourceVersionDate "2022.10.05"]
[SourceQuality "1"]

1. Nf3 Nf6 2. b3 g6 3. Bb2 Bg7 4. e3 d5 5. c4 c6 6. Be2 Bf5 7. d3 Nbd7 8. Nbd2 0-0 9. Nd4 Be6 10. 0-0 Qc7 11. Rb1 Rad8 12. Ba3 Nb6 13. c5 Nbd7 14. b4 a6 15. Bb2 a5 16. a3 axb4 17. axb4 Ra8 18. Nxe6 fxe6 19. Nf3 Rfe8 20. Ng5 Nf8 21. f4 N6d7 22. Bg4 e5 23. Be6+ Nxe6 24. Nxe6 Qb8 25. Qg4 Nf6 26. Qg5 exf4 27. Rxf4 Nh5 28. Rh4 Bxb2 29. Rxb2 Ra1+ 30. Kf2 Nf6 31. Qh6 Kf7 32. Ng5+ Kg8 33. Nxh7 Rf8 34. Qxg6+ Kh8 35. Nxf6# 1-0

[Event "Krakow op-B 23rd"]
[Site "Krakow"]
[Date "2012.12.30"]
[Round "5"]
[White "Latka, Tadeusz"]
[Black "Valkovoy, Alexandr"]
[Result "0-1"]
[WhiteElo "1573"]
[BlackElo "1855"]
[PlyCount "108"]
[EventDate "2012.12.27"]
[EventType "swiss"]
[EventRounds "9"]
[EventCountry "POL"]
[SourceTitle "CBM 152 Extra"]
[Source "ChessBase"]
[SourceDate "2013.02.25"]
[SourceVersion "1"]
[SourceVersionDate "2013.02.25"]
[SourceQuality "1"]

1. Nf3 Nf6 2. g3 d5 3. Bg2 Bf5 4. d3 e6 5. 0-0 h6 6. c4 c6 7. b3 Be7 8. Bb2 0-0 9. Nbd2 Nbd7 10. a3 a5 11. Ra2 Re8 12. Qa1 Bf8 13. Ne5 Qb6 14. e4 dxe4 15. dxe4 Bh7 16. Bd4 Qc7 17. Bc3 Nc5 18. Re1 Rad8 19. b4 axb4 20. axb4 Nd3 21. Nxd3 Rxd3 22. Bf1 Rd7 23. c5 b6 24. Bxf6 gxf6 25. Qxf6 bxc5 26. bxc5 Bxc5 27. Nf3 Bf8 28. Qc3 Rb8 29. Qc1 Rb4 30. Nd2 Rdd4 31. Bg2 Bg6 32. f3 h5 33. Nf1 Rd3 34. Rd1 Qb6+ 35. Kh1 Rxd1 36. Qxd1 Rb1 37. Qe2 c5 38. h3 Qb3 39. Kh2 c4 40. Rc2 c3 41. Qd3 Bg7 42. Ne3 Qb4 43. f4 Bd4 44. Nd1 Rb3 45. g4 f6 46. Kg3 Be8 47. g5 Ra3 48. h4 Ba4 49. e5 Bxc2 50. Qxc2 f5 51. Bf3 Qb3 52. Qxb3 Rxb3 53. Nxc3 Rxc3 54. Kg2 Be3 0-1

[Event "Krakow op-B 23rd"]
[Site "Krakow"]
[Date "2012.12.29"]
[Round "3"]
[White "Latka, Tadeusz"]
[Black "Malaczek, Mateusz"]
[Result "1-0"]
[WhiteElo "1573"]
[BlackElo "1855"]
[PlyCount "67"]
[EventDate "2012.12.27"]
[EventType "swiss"]
[EventRounds "9"]
[EventCountry "POL"]
[SourceTitle "CBM 152 Extra"]
[Source "ChessBase"]
[SourceDate "2013.02.25"]
[SourceVersion "1"]
[SourceVersionDate "2013.02.25"]
[SourceQuality "1"]

1. Nf3 Nf6 2. b3 g6 3. Bb2 Bg7 4. c4 0-0 5. g3 d6 6. Bg2 e5 7. d3 c6 8. 0-0 Bf5 9. Nbd2 Qc8 10. a3 Bh3 11. Ra2 Bxg2 12. Kxg2 Nh5 13. Qa1 Nd7 14. b4 f5 15. e3 Qe8 16. Bc3 h6 17. Rc2 g5 18. d4 e4 19. Ng1 f4 20. d5 f3+ 21. Kh1 Nhf6 22. dxc6 bxc6 23. Nb3 Qh5 24. Rd2 Ng4 25. h3 Nde5 26. Bxe5 Bxe5 27. Qb1 d5 28. cxd5 cxd5 29. Rxd5 Bxg3 30. Qxe4 Nxf2+ 31. Rxf2 Bxf2 32. Rd7 Rf7 33. Qxa8+ Kg7 34. Qxa7 1-0

[Event "Krakow Four Seasons"]
[Site "Krakow"]
[Date "2012.01.27"]
[Round "5.8"]
[White "Latka, Tadeusz"]
[Black "Jedrocha, Katarzyna"]
[Result "1/2-1/2"]
[WhiteElo "1680"]
[BlackElo "1558"]
[PlyCount "70"]
[EventDate "2012.01.27"]
[EventType "swiss"]
[EventRounds "5"]
[EventCountry "POL"]
[SourceTitle "EXT 2023"]
[Source "ChessBase"]
[SourceDate "2022.10.05"]
[SourceVersion "1"]
[SourceVersionDate "2022.10.05"]
[SourceQuality "1"]

1. b4 Nf6 2. Bb2 e6 3. b5 c6 4. a4 cxb5 5. axb5 d5 6. Nf3 Nbd7 7. e3 Bd6 8. Be2 0-0 9. 0-0 Nb6 10. d3 Bd7 11. c4 a6 12. bxa6 Rxa6 13. Rxa6 bxa6 14. cxd5 Nbxd5 15. d4 Be7 16. Ne5 Qb6 17. Nxd7 Nxd7 18. Ba3 Bxa3 19. Nxa3 Nc3 20. Qd3 Nxe2+ 21. Qxe2 Rc8 22. Ra1 Qa5 23. Qf1 Qc3 24. g3 Nf6 25. Ra2 Qc1 26. Qxc1 Rxc1+ 27. Kg2 Rc6 28. Nb1 Kf8 29. Nd2 Ke7 30. Nf3 Nd5 31. Ne5 Rb6 32. Nc4 Rc6 33. Ne5 Rb6 34. Nd3 Nc7 35. Nc5 Kd6 1/2-1/2